LEADER 00937nam a2200229 i 4500 001 000000330696 003 CaOOAMICUS 005 20190523161750.0 008 181012n1960 it u000 u ita u 013 $a73901 040 $aSeMil$bita 245 10$aParte 2. 264 1$aMilano :$bArnoldo Mondadori,$c1960. 300 $aP. 338-653 ;$c19 cm 600 14$aGalilei, Galileo <1564-1642>.$0(OLS)http://semarc/subject/3284 700 1 $aDe Santillana, Giorgio.$0(OLS)http://semarc/name/30355 773 0 $aDe Santillana, Giorgio$tProcesso a Galileo.$dMilano : Arnoldo Mondadori, 1960.$kBiblioteca moderna Mondadori. Critica saggistica$g2$w()101748 850 $aSeMil 852 $aSeMil$W1$xVenegono$y1$m3U III 534$j212787$B225798$CSeMilBibl$Z2$F225798 $81 996 $6245$aParte 2$9(OLS)http://semarc/title/108333 996 $6264$aMilano :$bArnoldo Mondadori$9(OLS)http://semarc/publisher/46554 LEADER 01338nam a2200265 i 4500 001 000000212558 003 CaOOAMICUS 005 20120418000000.0 008 120418s1824 it u000 u ita u 013 $a191393 026 $aleon e-on vai, Joeq (3) 1824 (A) 040 $aSeMil$bita 100 0 $aPlutarchus ,$d<46-120>.$0(OLS)http://semarc/name/1118 245 10$aTomo 1. 300 $aCIV, 464, [4] p. 490 0 $aCollana degli antichi storici greci volgarizzati 500 $aContiene le vite di Teseo, Romolo, Licurgo, Numa, Solone, Publicola, Temistocle, Camillo. - Esemplare mutilo delle VII tavole in rame indicate nell'indice. 773 0 $aPlutarchus <46-120>$tVite degli uomini illustri di Plutarco versione italiana di Girolamo Pompei con note di pił celebri letterati ora riunite per la prima volta in quest'edizione. Tomo 1. [-6. ed ultimo].$dMilano : Dalla tipografia dei Fratelli Sonzogno, 1824-1825.$kCollana degli antichi storici greci volgarizzati$g1$w()26626 830 0$aCollana degli antichi storici greci volgarizzati.$0(OLS)http://semarc/title/35953 850 $aSeMil 852 $aSeMil$W1$xVenegono$y1$m1Y III 6 FA$j162992$B162992$CSeMilBibl$Z2$F174127 $8I 900 0 $aPlutarco. 961 $aOmaggio: Deposito 996 $6245$aTomo 1$9(OLS)http://semarc/title/46685 LEADER 01036nam a2200217 i 4500 001 000000232837 003 CaOOAMICUS 005 20140905000000.0 008 140905s2014 it u000 u ita u 013 $a211740 040 $aSeMil$bita 245 10$a1964-2014 :$bla solenne celebrazione in onre del beato card. Andrea Carlo Ferrari : Alassio, sabato 10 maggio 2014 : nel 50. anno .. 260 $a[S.l. :$bs.n.],$c[2014] 300 $a16 p. :$bill. ;$c30 cm. 500 $aPubblicazione per il ricordo storico della giornata. 650 4$aFerrari, Andrea Carlo - Celebrativi.$0(OLS)http://semarc/subject/37615 850 $aSeMil 852 $aSeMil$W1$xVenegono$y1$m5D XI 13/8$j183183$B183183$CSeMilBibl$Z2$F195313 $81 961 $aOmaggio: Delpini mons. Mario 996 $6245$a1964-2014 :$bla solenne celebrazione in onre del beato card. Andrea Carlo Ferrari : Alassio, sabato 10 maggio 2014 : nel 50. anno ..$9(OLS)http://semarc/title/332203 996 $6260$a[S.l. :$bs.n.]$9(OLS)http://semarc/publisher/29751